00310nam a22001097a 4500008004100000020001800041082001100059100002100070245004500091260005500136300000900191260601b |||||||| |||| 00| 0 eng d a9789381275481 a001929 aNagasampige, A V a Matatrayaritya bimba-pratibimba bhavah, aBengalurubPoornaprajna Samshodhana Mandiramc2016 a398p